00767 2200253 4500001002100000005001700021008004100038020001800079035002500097090001500122100002400137245013600161250001000297260003800307300002600345500003100371500001100402650001500413700001900428850001200447990001800459990001800477990001800495YOGYA-0209000004014520150402102838.0 ind  a979-378-211-0 a0010-020900000040145 a070bSum J aSUMADIRIA, As Haris aJurnalistik Indonesia : menulis berita dan featurebpanduan praktis jurnalis profesionalcAs.Haris Sumadiria; editor, Rema Karyanti aCet.2 aBandungbRemaja Rosda Karyac2006 axviii, 286 hlmc24 cm aBibliografi : hlm. 273-281 aIndeks aJurnalisme aKaryanti, Rema aYOPDYOG a31791-PD/B.07 a31790-PD/B.07 a31789-PD/B.07